000 00480nam a2200157Ia 4500
008 151015s9999 xx 000 0 und d
020 _a9.7802737076e+012
050 _aHF5549.BA36 1996
245 _aBeardwell Julie
250 _a_Human Resource Management A contemporary Approach Julie Beardwell
260 _a5th ed.
300 _aLondon Pearson Education 2007
500 _aincludes index
650 _a_Human Resource Management
700 _a^d20120112 02:42:52^okorir
999 _c244
_d244